Manažment kvality
Enregistré dans:
| Auteur principal: | |
|---|---|
| Collectivité auteur: | |
| Autres auteurs: | |
| Format: | Livre |
| Langue: | slovaque |
| Publié: |
Bratislava
EU
1992
|
| Édition: | 1. vyd. |
| Sujets: | |
| Tags: |
Pas de tags, Soyez le premier à ajouter un tag!
|
MARC
| LEADER | 00000nam a2200000 4500 | ||
|---|---|---|---|
| 001 | c002178 | ||
| 005 | 20221214085919.3 | ||
| 020 | |a 80-225-0456-4 | ||
| 041 | 0 | |a slo | |
| 044 | |a SK | ||
| 245 | 1 | 0 | |a Manažment kvality |c Michal Leščišin, Ján Macko |
| 250 | |a 1. vyd. | ||
| 264 | 1 | |a Bratislava |b EU |c 1992 | |
| 300 | |a 174 s. | ||
| 610 | 2 | 0 | |a manažment |
| 610 | 2 | 0 | |a riadenie kvality |
| 610 | 2 | 0 | |a kvalita výrobkov |
| 610 | 2 | 0 | |a podnikanie |
| 610 | 2 | 0 | |a konkurencia |
| 610 | 2 | 0 | |a organizácia riadenia |
| 610 | 2 | 0 | |a algoritmy |
| 610 | 2 | 0 | |a stratégia podniková |
| 610 | 2 | 0 | |a riadenie podnikové |
| 610 | 2 | 0 | |a systémy informačné |
| 610 | 2 | 0 | |a normalizácia technická |
| 610 | 2 | 0 | |a metrológia |
| 610 | 2 | 0 | |a skúšobníctvo štátne |
| 610 | 2 | 0 | |a ČSFR |
| 610 | 2 | 0 | |a systémy riadenia |
| 610 | 2 | 0 | |a certifikácia |
| 100 | 1 | |a Leščišin, Michal | |
| 700 | 1 | |a Macko, Ján | |
| 710 | 2 | |a Ekonomická univerzita v Bratislave. Fakulta podnikového manažmentu | |